AH International Schools' Libraries

I can't live without water (KHMER) / (Record no. 48916)

MARC details
000 -LEADER
fixed length control field 00331nam a2200121 4500
020 ## - INTERNATIONAL STANDARD BOOK NUMBER
International Standard Book Number 9789924342113
100 ## - MAIN ENTRY--PERSONAL NAME
Personal name Hok, Sok
9 (RLIN) 86299
245 ## - TITLE STATEMENT
Title I can't live without water (KHMER) /
Statement of responsibility, etc Sok Hok
260 ## - PUBLICATION, DISTRIBUTION, ETC. (IMPRINT)
Place of publication, distribution, etc Cambodia
Name of publisher, distributor, etc Sipar
Date of publication, distribution, etc 2024
300 ## - PHYSICAL DESCRIPTION
Extent 28 p.
Other physical details col. ill.
Dimensions 26 cm.
650 ## - SUBJECT ADDED ENTRY--TOPICAL TERM
Topical term or geographic name as entry element Water
Form subdivision Khmer Literature
9 (RLIN) 86300
942 ## - ADDED ENTRY ELEMENTS (KOHA)
Source of classification or shelving scheme
Koha item type Book
Holdings
Withdrawn status Lost status Source of classification or shelving scheme Damaged status Not for loan Collection code Home library Current library Shelving location Date acquired Total Checkouts Full call number Barcode Checked out Date last seen Date checked out Price effective from Koha item type
          Siem Riep Asian Hope Primary Library Asian Hope Primary Library Non Fiction 05/08/2025 19 KHMER 628.1 HOK 207850 04/29/2026 04/22/2026 04/22/2026 05/08/2025 Book

For any Logos Library related questions please contact Miss Art at swongnarasuk@asianhope.org.

For any Asian Hope Library related questions please contact Miss Raza at graza@asianhope.org.

Click here to explore our ebooks!

Powered by Koha